书目信息 |
| 题名: |
稀土元素分析化学
|
|
| 作者: | ;武汉大学化学系 编 | |
| 分册: | 下册 | |
| 出版信息: | 北京 科学出版社 1983.03 |
|
| 页数: | 501-850页 | |
| 开本: | 21cm | |
| 丛书名: | ||
| 单 册: | ||
| 中图分类: | O614.33 | |
| 科图分类: | ||
| 主题词: | 稀土族-分析化学 , 分析化学-稀土族 | |
| 电子资源: | ||
| ISBN: | ||
| 000 | 00721nam0 2200241 45 | |
| 001 | 0181005416 | |
| 005 | 20060511085027.42 | |
| 010 | @dCNY2.10 | |
| 091 | @a13031.2188 | |
| 100 | @a19950420d1983 em y0chiy0121 ea | |
| 101 | 0 | @achi |
| 102 | @aCN@b110000 | |
| 105 | @ay z 000yy | |
| 200 | 10 | @a稀土元素分析化学@h下册@Axi tu yuan su fen xi hua xue@f武汉大学化学系等编著@Fwu han da xue hua xue xi deng bian zhu |
| 210 | @a北京@c科学出版社@d1983.03 | |
| 215 | @a501-850页@d21cm | |
| 606 | @a稀土族-分析化学 | |
| 606 | @a分析化学-稀土族 | |
| 690 | @aO614.33@v3 | |
| 711 | 02 | @a武汉大学化学系@Awu han da xue hua xue xi@4编 |
| 801 | 2 | @aCN@bNLC@c20060511 |
| 801 | 0 | @aCN@b上海图书馆@c20040524 |
| 905 | @dO614.33@e3:2 | |
| 稀土元素分析化学.下册/武汉大学化学系等编著.-北京:科学出版社,1983.03 |
| 501-850页;21cm |
| ISBN :CNY2.10 |
| ● |
| 相关链接 |
|
|
|
|
正题名:稀土元素分析化学
索取号:O614.33/3:2
 
预约/预借
| 序号 | 登录号 | 条形码 | 馆藏地/架位号 | 状态 | 备注 |
| 1 | 0088235 | 202312755 | 密集书库/ [索取号:O614.33/3:2] | 在馆 | |
| 2 | 0088236 | 202312782 | 密集书库/ [索取号:O614.33/3:2] | 在馆 | |
| 3 | 0088237 | 202312791 | 密集书库/ [索取号:O614.33/3:2] | 在馆 | |
| 4 | 0156412 | 000349732 | 第二样本阅览室/ [索取号:O614.33/3:2] | 在馆 | |
| 5 | 0156413 | 000349723 | 第三借阅区/ [索取号:O614.33/3:2] | 在馆 | |
| 6 | 0156414 | 001959232 | 第三借阅区/ [索取号:O614.33/3:2] | 在馆 |